| 000 | 00404pab a2200157 454500 | ||
|---|---|---|---|
| 008 | 180718b2008 xxu||||| |||| 00| 0 eng d | ||
| 100 | _aAbhinav Kumar | ||
| 245 | _aTowards patentability of essentially biological processes | ||
| 260 | _c2008 | ||
| 300 | _ap.129-38. | ||
| 362 | _aMar | ||
| 650 | _aBiotechnology | ||
| 773 | _aJournal of Intellectual Property Rights | ||
| 908 | _aN | ||
| 909 | _a78226 | ||
| 999 |
_c78226 _d78226 |
||